Hướng dẫn xây dựng quy chế trả lương trong doanh nghiệp theo chế độ tiền lương mới

שמור ב:
מידע ביבליוגרפי
מחבר ראשי: Lê Anh Cường
פורמט: ספר
שפה:Undetermined
יצא לאור: Hà Nội Lao Động Xã Hội 2004
נושאים:
תגים: הוספת תג
אין תגיות, היה/י הראשונ/ה לתייג את הרשומה!
Thư viện lưu trữ: Trung tâm Học liệu Trường Đại học Cần Thơ
LEADER 00660nam a2200205Ia 4500
001 CTU_73800
008 210402s9999 xx 000 0 und d
020 |b 49000 
082 |a 658.32 
082 |b C561 
100 |a Lê Anh Cường 
245 0 |a Hướng dẫn xây dựng quy chế trả lương trong doanh nghiệp theo chế độ tiền lương mới 
245 0 |c Lê Anh Cường, Nguyễn Thị Mai 
260 |a Hà Nội 
260 |b Lao Động Xã Hội 
260 |c 2004 
650 |a wages 
650 |z vietnam 
904 |i Mai Loan 
980 |a Trung tâm Học liệu Trường Đại học Cần Thơ